|
|
|
|
| LEADER |
00664nab a2200181 i 4500 |
| 001 |
misc44547 |
| 005 |
20191106141100.0 |
| 008 |
181001s1995 hu o 0|| zxx d |
| 022 |
|
|
|a 1215-5233
|
| 040 |
|
|
|a SZTE Miscellanea Repozitórium
|b hun
|
| 041 |
|
|
|a zxx
|
| 100 |
1 |
|
|a Deák András Miklós
|
| 245 |
1 |
2 |
|a A kiscsoportos irodalomoktatás módszertani kérdéseiről
|h [elektronikus dokumentum] /
|c Deák András Miklós
|
| 260 |
|
|
|c 1995
|
| 300 |
|
|
|a 154-157
|
| 490 |
0 |
|
|a Iskolakultúra
|v 5 No. 1-2
|
| 695 |
|
|
|a Oktatási módszer, Pedagógia, Irodalom tanítása
|
| 856 |
4 |
0 |
|u http://misc.bibl.u-szeged.hu/44547/1/iskolakultura_1995_001_002_154-157.pdf
|z Dokumentum-elérés
|